|
|
|
|
| LEADER |
00000nam a2200000 a 4500 |
| 001 |
vtls009281178 |
| 003 |
SK-MaSNL |
| 005 |
20260301023933.0 |
| 008 |
240315s2007 xo l d p 000 0 slo |
| 015 |
|
|
|a SNBA2008/06-02591
|
| 020 |
|
|
|a 9788022524544
|q (brož.)
|
| 035 |
|
|
|a DE669F38-9018-46BE-8228-29D22873CDC3
|
| 035 |
|
|
|a urn:nbn:sk:snk-aml6ws
|
| 035 |
|
|
|a urn:nbn:sk:snk-am008u67
|
| 040 |
|
|
|a SNK
|b slo
|c SNK
|e AACR2
|
| 041 |
0 |
|
|a slo
|
| 044 |
|
|
|a xo
|c SK
|
| 072 |
|
7 |
|a 005
|x Manažment. Riadenie
|2 konspekt
|
| 080 |
|
|
|a 658.62
|2 2001
|
| 080 |
|
|
|a 005.6
|2 2001
|
| 080 |
|
|
|a 338.438.02
|2 2001
|
| 080 |
|
|
|a (075.8)
|2 2001
|
| 080 |
|
|
|a 338.439.66
|2 2001
|
| 100 |
1 |
|
|a Karkalíková, Marta
|4 aut
|9 11215
|
| 245 |
1 |
0 |
|a Kvalita produktu v službách
|c Marta Karkalíková
|
| 250 |
|
|
|a 1. vyd.
|
| 260 |
|
|
|a Bratislava
|b Ekonóm
|c 2007
|
| 300 |
|
|
|a 178 s.
|b sch., tab.
|c 21 cm
|
| 366 |
|
|
|e 200 výt.
|
| 504 |
|
|
|a Bibliogr. s. 173-178
|
| 650 |
0 |
7 |
|a výrobky
|2 SNKPH
|9 4992
|
| 650 |
0 |
7 |
|a manažment kvality
|2 SNKPH
|9 932
|
| 650 |
0 |
7 |
|a potravinová politika
|2 SNKPH
|9 2336
|
| 650 |
0 |
7 |
|a Commercial products
|2 SNKPHeng
|9 314766
|
| 650 |
0 |
7 |
|a Quality management
|2 SNKPHeng
|9 276990
|
| 650 |
0 |
7 |
|a potravinová politika
|2 SNKPHeng
|9 2336
|
| 650 |
0 |
7 |
|a Food security
|2 SNKPHeng
|9 317141
|
| 650 |
0 |
7 |
|a potravinová bezpečnosť
|2 SNKPH
|9 27838
|
| 650 |
0 |
7 |
|a služby
|2 SNKPH
|9 2356
|
| 655 |
|
7 |
|a učebnice vysokých škôl
|2 SNKPH
|9 70191
|
| 655 |
|
7 |
|a Textbooks (higher)
|2 SNKPHeng
|9 276436
|
| 919 |
|
|
|a 978-80-225-2454-4
|
| 958 |
|
|
|a OND
|
| 958 |
|
|
|a NB
|
| 968 |
|
|
|d 0
|
| 999 |
|
|
|c 570139
|d 572069
|
| 952 |
|
|
|a SNK
|b SNK
|y VYP
|7 0
|p 17A0584227
|o snkSC 131345 D1
|i snk2008/7275
|8 0
|0 0
|1 0
|4 0
|d 2008-04-01
|l 0
|r 2026-02-23 14:12:35
|w 2026-02-23
|
| 952 |
|
|
|a SNK
|b SNK
|y PREZ
|7 0
|p 17A0584226
|o snkSC 131345
|i snk2008/7274
|8 0
|0 0
|1 0
|4 0
|d 2008-04-01
|f 1
|l 0
|r 2025-06-23 00:00:00
|w 2026-02-23
|